Nowy Sącz - quiz wielokrotnego wyboru - Statystyki

Ogólne statystyki
  • Ten quiz został rozwiązany 62 razy
  • Średni wynik to 5 z 10
Statystyki odpowiedzi
Zagadnienie Odpowiedź % Poprawnych
Które z poniższych zdjęć nie przedstawia miejsca znajdującego się w Nowym Sączu?
93%
Które z poniższych jezior leży najbliżej Nowego Sącza? Jezioro Rożnowskie
84%
Która z poniższych rzek nie przepływa przez Nowy Sącz? Biała
75%
Który z poniższych festiwali odbywa się w Nowym Sączu i skupia dziecięce zespoły regionalne? Święto Dzieci Gór
69%
Która z poniższych branż nie odegrała znaczącej roli w historii Nowego Sącza? Hutnicza
58%
Który król był odpowiedzialny za wzniesienie Zamku Królewskiego w Nowym Sączu? Kazimierz III Wielki
53%
Który król nadał Nowemu Sączowi prawa miejskie? Wacław II
36%
Który z poniższych ministrów spraw wewnętrznych RP wychowywał się i został pochowany w Nowym Sączu? Bronisław Pieracki
31%
Jakie pasmo górskie znajduje się bezpośrednio na zachód od Nowego Sącza? Beskid Wyspowy
25%
Kto założył Związek Stronnictwa Chłopskiego - pierwszą w Europie polityczną organizację chłopską? Jan i Stanisław Potoczkowie
20%
Nie znaleziono quizów pasujących do podanych kryteriów
Rozkład punktacji
Procent ludzi z każdym wynikiem
Percentyl według liczby udzielonych odpowiedzi
Twoja historia wyników
Nie rozwiązałeś tego quizu